书目信息 |
| 题名: |
英国采风录
|
|
| 作者: | 储安平 编著 | |
| 分册: | ||
| 出版信息: | 北京 东方出版社 2005 |
|
| 页数: | 361页 | |
| 开本: | 23cm | |
| 丛书名: | ||
| 单 册: | ||
| 中图分类: | G03 | |
| 科图分类: | ||
| 主题词: | 英国--概况 , 文化--民族性 | |
| 电子资源: | ||
| ISBN: | 7-5060-2320-2 | |
| 000 | 00837nam0 2200229 450 | |
| 001 | TS2006044027 | |
| 005 | 20061205153650.20 | |
| 010 | @a7-5060-2320-2@dCNY58.00 | |
| 100 | @a20060829d2005 ekmy0chiy0120 ea | |
| 101 | 0 | @achi |
| 102 | @aCN@b110000 | |
| 105 | @ay z 000yy | |
| 200 | 1 | @a英国采风录@AYing Guo Cai Feng Lu@f储安平编著@FChu An Ping Bian Zhu |
| 210 | @a北京@c东方出版社@d2005 | |
| 215 | @a361页@d23cm | |
| 330 | @a本书源自作者六十年前直接观察英国之所得,对英国之过去与现在,诸如国会源流、王权兴替、自由传统史、地方自治史等,均有生动之描述;对英人之气质习惯、性格风度等,更有仔细深刻之体察。见解独立,视野独到,生动有趣,早已跻身经典名著之列。 | |
| 606 | 0 | @a英国@x概况 |
| 606 | 0 | @a文化@x民族性 |
| 690 | @aG03@v4 | |
| 701 | 0 | @a储安平@AChu An Ping@4编著 |
| 801 | 0 | @aCN@b中图数据@c20061205 |
| 905 | @a10447@dG03@e44 | |
| 英国采风录/储安平编著.-北京:东方出版社,2005 |
| 361页;23cm |
| ISBN 7-5060-2320-2:CNY58.00 |
| 本书源自作者六十年前直接观察英国之所得,对英国之过去与现在,诸如国会源流、王权兴替、自由传统史、地方自治史等,均有生动之描述;对英人之气质习惯、性格风度等,更有仔细深刻之体察。见解独立,视野独到,生动有趣,早已跻身经典名著之列。 |
| ● |
| 相关链接 |
|
|
|
|
正题名:英国采风录
索取号:G03/44
 
预约/预借
| 序号 | 登录号 | 条形码 | 馆藏地/架位号 | 状态 | 备注 |
| 1 | 0613756 | 206137562 | 第一样本阅览室/ [索取号:G03/44] | 在馆 | |
| 2 | 0613757 | 206137571 | 第四借阅区/ [索取号:G03/44] | 在馆 | |
| 3 | 0613758 | 206137580 | 第四借阅区/ [索取号:G03/44] | 在馆 | |
| 4 | 0613759 | 206137599 | 第四借阅区/ [索取号:G03/44] | 在馆 | |
| 5 | 0613760 | 206137606 | 第四借阅区/ [索取号:G03/44] | 在馆 |